000 00455nam a2200157 i 4500
001 58954
003 ES-MaACL
005 20230906163927.0
007 t|
008 031024s1963 sp ||||1| spa d
245 0 3 _aLa economía del mercado /
_cprólogo de Lucas Beltrán.
260 _a[S.l. :
_bSociedad de Estudios y Publicaciones],
_c1963.
300 _a2 v. ;
_c22 cm.
700 1 _aBeltrán, Lucas.
_927346
852 _aES-MaACL
_jC-22912-3
_bR.51649
999 _c58954
_d58954